| 000 | 01204cam a22002295a 4500 | ||
|---|---|---|---|
| 001 | L137446 | ||
| 008 | 070405s2007 xxk f 000 0 eng d | ||
| 020 | _a1741951097 | ||
| 035 | _a(Sirsi) u137446 | ||
| 041 | 0 | _aeng | |
| 050 | 0 | 4 | _a692.2994 $2 18 |
| 110 | 2 |
_aAustralian Building Codes Board _94238 |
|
| 245 | 0 | 0 |
_aBCA 2007 _bBuilding Code of Australia _bvolume one _bclass 2 to class 9 buildings |
| 260 |
_aCanberra _bABCB _c2007 |
||
| 300 |
_a844p. _c25cm. |
||
| 505 | 2 | _aGeneral provisions -- Structure -- Fire resistance -- Access and egress -- Services and equipment -- Health and amenity -- Ancillary provisions -- Special use buildings -- Maintenance -- Energy efficiency | |
| 520 | _aTechnical provisions for the design and construction of buildings and other structures throughout Australia, allowing for variations in climate and geological or geographical conditions. Discusses application, interpretation, acceptance of design and construction, and classification of buildings and structures. Discusses provision for escape exits, building materials, and health and safety provisions. | ||
| 590 | _aKA | ||
| 651 | 4 | _aAUSTRALIA | |
| 690 |
_aBuilding regulations _96224 |
||
| 942 | _n0 | ||
| 999 |
_c106788 _d106788 |
||